000 01254cam a2200229 4500
001 WB4004-12
008 040129n2004 000 0 eng u
035 _a(Sirsi) u124965
245 _aPublic sector relocation proposals
260 _c2004
490 _aKing Sturge Press Release
_v26 January 2004 (2)
520 _aCommissioned as part of the Lyons Review to provide an objective comparative analysis of alternative locations for the transfer of 20 000 civil service jobs into UK regions, King Sturge has published its findings in the report: "Independent review of public sector relocation-comparative assessment of locations". The report names 25 locations chosen according to a number of variables and a set of six agreed scenarios. Though not the definitive list of locations, the report will nevertheless be used as a guide for departments considering relocation opportunities. Register free for the full report at http://www.kingsturge.com/site/docs/pressoffice/ne wsindex.cfm?UID=2411517690125920040129040421
590 _aWB
590 _aWB
650 _aRELOCATION
650 _aGOVERNMENT DEPARTMENT
650 _aOFFICE RELOCATION
650 _aREPORT
650 _aPUBLIC SECTOR
690 _aREGENERATION
942 _n0
999 _c116979
_d116979